000 00611nam a2200229Ia 4500
003 OSt
005 20221007073125.0
006 a|||||r|||| 00| 0
007 ta
008 221006b |||||||| |||| 00| 0 eng d
024 _a15,188
037 _cTextual
040 _aFLL
_cFLL
_beng
041 _2eng
_aeng
082 _aX:9:Z73, M5
100 _aZiskind David
_9691948
245 0 _aConcerning human aspiration
260 _aLos
_bAngeles Litlaw Foundation Los Angeles, CA
_c1985
300 _a172p
_ccm.
942 _hX:9:Z73, M5
_cTEXL
_2CC
999 _c1147740
_d1147740